000 01653nam a2200289 i 4500
001 991000124599706706
005 20250616135824.0
008 200904e202005 spc|||| |||| 0|0 f spa|
015 _aLL2020
_2bnc
017 _aDL B 4148-2020
_bBiblioteca de Catalunya
020 _a9788491294931
035 _a(ES-BaCBU).b74419778
040 _aES-BaBC
_beng
_erda
_cES-BaBC
041 _aSpanish
100 _aBenavent, Elísabet,
_d1984-
_eauthor
245 1 0 _aEn los zapatos de Valeria
_c/ Elísabet Benavent
250 _aFirst edition
250 _aSpecial edition
264 1 _a[Barcelona] :
_bSuma de Letras,
_c2020
300 _a396 pages ;
_c24 cm
500 _aOn the cover: "Netflix. A Netflix Original Series
520 _aValeria es escritora de historias de amor. Valeria vive el amor de forma sublime. Valeria tiene tres amigas: Nerea, Carmen y Lola. Valeria vive en Madrid. Valeria ama a Adrián hasta que conoce a Víctor. Valeria necesita sincerarse consigo misma. Valeria llora, Valeria ríe, Valeria camina... Pero el sexo, el amor y los hombres no son objetivos fáciles. Valeria es especial. Como tú.
520 _aValeria writes love stories. Valeria experiences love in the most sublime way. Valeria has three friends: Nerea, Carmen and Lola. Valeria lives in Madrid. Valeria loves Adrián — until she meets Víctor. Valeria needs to be honest with herself. Valeria cries, Valeria laughs, Valeria walks... But sex, love and men are never easy targets. Valeria is special. Just like you.
650 0 _aFemale friendship – Fiction
_925456
650 0 _aLove stories – Fiction
_925457
942 _2lcc
999 _c4745
_d4745